[Event "GER-ch Net blitz qual4"]
[Site "Playchess.com INT"]
[Date "2020.03.23"]
[Round "7"]
[White "Sundui, Chinguun"]
[Black "Thiele, Bjoern"]
[Result "1-0"]
[WhiteElo "1773"]
[BlackElo "1538"]
[PlyCount "45"]
[EventDate "2020.03.23"]
[EventType "swiss (blitz)"]
[EventRounds "9"]
[EventCountry "GER"]
[SourceTitle "CBM 195 Extra"]
[Source "ChessBase"]
[SourceDate "2020.05.31"]
[SourceVersion "1"]
[SourceVersionDate "2020.05.31"]
[SourceQuality "1"]

1. Nf3 d5 2. d4 Nf6 3. e3 Bg4 4. Be2 e6 5. 0-0 c5 6. b3 Be7 7. Bb2 0-0 8. Nbd2 b6 9. h3 Bh5 10. c4 dxc4 11. Nxc4 Nbd7 12. Rc1 cxd4 13. Nxd4 Bxe2 14. Qxe2 Bc5 15. Rfd1 Qc7 16. Nb5 Qc6 17. Ne5 Qb7 18. Nxd7 Nxd7 19. Qg4 f6 20. Qxe6+ Kh8 21. Qxd7 Qa6 22. Nc7 Rac8 23. Nxa6 1-0

[Event "GER-ch Net blitz qual2"]
[Site "Playchess.com INT"]
[Date "2020.03.16"]
[Round "2"]
[White "Thiele, Bjoern"]
[Black "Hassemeier, Mika"]
[Result "0-1"]
[WhiteElo "1538"]
[BlackElo "2072"]
[PlyCount "147"]
[EventDate "2020.03.16"]
[EventType "swiss (blitz)"]
[EventRounds "9"]
[EventCountry "GER"]
[SourceTitle "CBM 195 Extra"]
[Source "ChessBase"]
[SourceDate "2020.05.31"]
[SourceVersion "1"]
[SourceVersionDate "2020.05.31"]
[SourceQuality "1"]

1. e4 c5 2. Nf3 d6 3. d4 cxd4 4. Nxd4 Nf6 5. Nc3 a6 6. Nb3 e6 7. Bg5 Be7 8. Bd3 Nbd7 9. 0-0 0-0 10. Re1 Qc7 11. Rc1 b5 12. Ne2 h6 13. Bh4 Nb6 14. Nd2 Nc4 15. Bxc4 bxc4 16. b3 c3 17. Nb1 Nxe4 18. Bxe7 Qxe7 19. Nexc3 Nxc3 20. Nxc3 Bb7 21. f3 d5 22. Qe2 Qc5+ 23. Qe3 Qxe3+ 24. Rxe3 d4 25. Rd3 dxc3 26. Rxc3 Rac8 27. Rd3 Rfd8 28. Rxd8+ Rxd8 29. c4 Rd2 30. a4 Rd3 31. Rb1 Rc3 32. Kf2 Rc2+ 33. Kf1 Bc6 34. Kg1 f6 35. h3 e5 36. Rd1 Rb2 37. Rd8+ Kh7 38. Rb8 Bxa4 39. b4 Bd7 40. c5 a5 41. Rb7 Ba4 42. Ra7 Rxb4 43. Rxa5 Rc4 44. Kf2 Bd7 45. Ke3 Bf5 46. g4 Be6 47. Ra6 Bc8 48. Rc6 Bb7 49. Rc7 Bd5 50. Kf2 Rc3 51. Ke2 Bxf3+ 52. Kd2 Ra3 53. c6 Bxc6 54. Rxc6 Rxh3 55. Rc4 Rf3 56. g5 hxg5 57. Rc1 Kg6 58. Ke2 Ra3 59. Rc4 Kf5 60. Kf2 e4 61. Ke2 Kf4 62. Rc7 Ra2+ 63. Ke1 Ke3 64. Rc3+ Kf4 65. Rc7 Kf3 66. Rc3+ e3 67. Rc1 g4 68. Kf1 g3 69. Kg1 Rg2+ 70. Kf1 e2+ 71. Ke1 Rg1+ 72. Kd2 Rxc1 73. Kxc1 e1Q+ 74. Kc2 0-1

[Event "GER-ch Net blitz qual1"]
[Site "Playchess.com INT"]
[Date "2020.03.07"]
[Round "4"]
[White "Bennemann, Ingmar"]
[Black "Thiele, Bjoern"]
[Result "1/2-1/2"]
[WhiteElo "2085"]
[BlackElo "1538"]
[PlyCount "83"]
[EventDate "2020.03.07"]
[EventType "swiss (blitz)"]
[EventRounds "9"]
[EventCountry "GER"]
[SourceTitle "CBM 195 Extra"]
[Source "ChessBase"]
[SourceDate "2020.05.31"]
[SourceVersion "1"]
[SourceVersionDate "2020.05.31"]
[SourceQuality "1"]

1. d4 Nf6 2. Nf3 d5 3. Nc3 e6 4. Bg5 h6 5. Bxf6 Qxf6 6. g3 Nc6 7. Bg2 Bb4 8. Qd3 b6 9. 0-0 0-0 10. e4 Bxc3 11. Qxc3 dxe4 12. Qxc6 exf3 13. Qxa8 Ba6 14. Qxf3 Qxf3 15. Bxf3 Bxf1 16. Kxf1 Rd8 17. c3 e5 18. Rd1 exd4 19. Rxd4 Rxd4 20. cxd4 Kf8 21. Ke2 Ke7 22. Kd3 f5 23. Kc4 Kd6 24. b4 c6 25. h4 g5 26. hxg5 hxg5 27. b5 c5 28. dxc5+ bxc5 29. a4 f4 30. a5 g4 31. Bxg4 fxg3 32. fxg3 a6 33. bxa6 Kc6 34. Bf3+ Kc7 35. Kxc5 Kb8 36. g4 Kc7 37. g5 Kd7 38. Bd5 Ke7 39. a7 Kf8 40. a8Q+ Kg7 41. Qc6 Kf8 42. Qd7 1/2-1/2

[Event "GER-ch Net blitz qual1"]
[Site "Playchess.com INT"]
[Date "2020.03.07"]
[Round "8"]
[White "Thiele, Bjoern"]
[Black "Jansen, Dirk Norbert"]
[Result "1-0"]
[WhiteElo "1538"]
[BlackElo "2149"]
[PlyCount "75"]
[EventDate "2020.03.07"]
[EventType "swiss (blitz)"]
[EventRounds "9"]
[EventCountry "GER"]
[SourceTitle "CBM 195 Extra"]
[Source "ChessBase"]
[SourceDate "2020.05.31"]
[SourceVersion "1"]
[SourceVersionDate "2020.05.31"]
[SourceQuality "1"]

1. c4 e6 2. Nc3 d5 3. cxd5 exd5 4. d4 c5 5. dxc5 d4 6. Ne4 Bf5 7. Ng3 Bg6 8. b4 Be7 9. Nf3 Bf6 10. Bb2 Nc6 11. b5 Qa5+ 12. Qd2 Qxd2+ 13. Kxd2 Na5 14. Bxd4 0-0-0 15. e3 Ne7 16. Ke1 Bxd4 17. Nxd4 Rhe8 18. Be2 Nd5 19. Bf3 Nb4 20. a3 Nd3+ 21. Ke2 Rxd4 22. e4 Nf4+ 23. Ke3 Ne6 24. Bg4 Nc4+ 25. Ke2 Rd2+ 26. Kf3 Red8 27. Bxe6+ fxe6 28. Rab1 Rf8+ 29. Kg4 Rdxf2 30. Rhc1 Ne3+ 31. Kh3 h5 32. Rc3 Ng4 33. b6 a6 34. c6 Bxe4 35. Nxe4 Ra2 36. cxb7+ Kxb7 37. Rc7+ Kb8 38. Rxg7 1-0